عرض عادي
عرض مارك
- Charity, Tim.
مدخل إسم شخص
001 - رقم الضبط
- حقل الضبط: 12846
003 - معرف رقم الضبط
- حقل الضبط: OSt
005 - تاريخ ووقت أخر عملية
- حقل الضبط: 20120509014701.0
008 - عناصر بيانات ثابتة الطول
- حقل تحكم ثابت الطول: 120509|||a|||||| | ||| d
040 ## - مصدر الفهرسة
- هيئة الفهرسة الأصلية: OSt
- وكالة الكتابة: OSt
100 ## - مدخل -- أسم شخص
- إسم شخص: Charity, Tim.
670 ## - بيانات المصدر موجوده
- الاستشهاد بالمصدر: Work cat.: (OSt)23622: Wilton, Andy, 1951- 12843, Deploying wireless networks /, 2008.
